书目信息 |
| 题名: |
马克思主义经典著作选编导读
|
|
| 作者: | 陈占安 主编 | |
| 分册: | ||
| 出版信息: | 北京 北京大学出版社 2002 |
|
| 页数: | 600页 | |
| 开本: | 21cm | |
| 丛书名: | ||
| 单 册: | ||
| 中图分类: | A85 | |
| 科图分类: | ||
| 主题词: | 马列著作研究--干部教育--学习参考资料 , 马列著作研究 | |
| 电子资源: | ||
| ISBN: | 7-301-05693-1 | |
| 000 | 00994nam0 2200277 450 | |
| 001 | 012007585643 | |
| 005 | 20070522164101.34 | |
| 010 | @a7-301-05693-1@dCNY30.00 | |
| 100 | @a20070515d2002 km y0chiy0120 ea | |
| 101 | 0 | @achi |
| 102 | @aCN@b110000 | |
| 105 | @ay z 000yy | |
| 106 | @ar | |
| 200 | 1 | @a马克思主义经典著作选编导读@Ama ke si zhu yi jing dian zhu zuo xuan bian dao du@f陈占安主编@Fchen zhan an zhu bian |
| 210 | @a北京@c北京大学出版社@d2002 | |
| 215 | @a600页@d21cm | |
| 300 | @a高校领导干部学习用书 | |
| 304 | @a北京市高校党校协作组组编 | |
| 305 | @a教育部人文社会科学重点研究基地和北京大学创建世界一流大学计划基金资助出版 | |
| 330 | @a本书精选了马克思主义经典作家的三十余篇代表作进行了导读,内容涵盖了马克思主义的基本原理,同时贴近实际,适用于高校领导干部学习使用。 | |
| 606 | 0 | @a马列著作研究@x干部教育@j学习参考资料 |
| 606 | 0 | @a马列著作研究 |
| 690 | @aA85@v4 | |
| 701 | 0 | @a陈占安@Achen zhan an@4主编 |
| 801 | 0 | @aCN@bRULIN@c20070522 |
| 905 | @dA85@e2@s8 | |
| 马克思主义经典著作选编导读/陈占安主编.-北京:北京大学出版社,2002 |
| 600页;21cm |
| 高校领导干部学习用书 |
| ISBN 7-301-05693-1:CNY30.00 |
| 本书精选了马克思主义经典作家的三十余篇代表作进行了导读,内容涵盖了马克思主义的基本原理,同时贴近实际,适用于高校领导干部学习使用。 |
| ● |
| 相关链接 |
|
|
|
|
正题名:马克思主义经典著作选编导读
索取号:A85/2
 
预约/预借
| 序号 | 登录号 | 条形码 | 馆藏地/架位号 | 状态 | 备注 |
| 1 | 0579351 | 205793514 | 第一样本阅览室/ [索取号:A85/2] | 在馆 | |
| 2 | 0579352 | 205793523 | 第一借阅区/ [索取号:A85/2] | 在馆 | |
| 3 | 0579353 | 205793532 | 第一借阅区/ [索取号:A85/2] | 在馆 | |
| 4 | 0579354 | 205793541 | 第一借阅区/ [索取号:A85/2] | 在馆 | |
| 5 | 0579355 | 205793550 | 第一借阅区/ [索取号:A85/2] | 在馆 | |
| 6 | 0579356 | 205793569 | 第一借阅区/ [索取号:A85/2] | 在馆 | |
| 7 | 0579357 | 205793578 | 第一借阅区/ [索取号:A85/2] | 在馆 | |
| 8 | 0579358 | 205793587 | 第一借阅区/ [索取号:A85/2] | 在馆 |